Soil survey and vegetation, northeastern Kodiak Island area, Alaska. (Record no. 11749)
[ view plain ]
| 000 -LEADER | |
|---|---|
| fixed length control field | 01256cam a22002771 4500 |
| 001 - CONTROL NUMBER | |
| control field | agr61000014 |
| 003 - CONTROL NUMBER IDENTIFIER | |
| control field | DLC |
| 005 - DATE AND TIME OF LATEST TRANSACTION | |
| control field | 20260227111020.0 |
| 008 - FIXED-LENGTH DATA ELEMENTS--GENERAL INFORMATION | |
| fixed length control field | 770317s1960 dcuab b f000 0 eng c |
| 010 ## - LIBRARY OF CONGRESS CONTROL NUMBER | |
| LC control number | agr61000014 |
| 040 ## - CATALOGING SOURCE | |
| Original cataloging agency | U.S. Dept. of Agr. Libr. |
| Transcribing agency | Ak |
| Modifying agency | DLC |
| 043 ## - GEOGRAPHIC AREA CODE | |
| Geographic area code | n-us-ak |
| 050 10 - LIBRARY OF CONGRESS CALL NUMBER | |
| Classification number | S591 |
| Item number | .A22 ser. 1956, no. 17 |
| 070 0# - NATIONAL AGRICULTURAL LIBRARY CALL NUMBER | |
| Classification number | 1So32E 1956 no. 17 |
| 100 1# - MAIN ENTRY--PERSONAL NAME | |
| Personal name | Rieger, Samuel, |
| Dates associated with a name | 1921- |
| 245 00 - TITLE STATEMENT | |
| Title | Soil survey and vegetation, northeastern Kodiak Island area, Alaska. |
| Statement of responsibility, etc. | [Report by Samuel Rieger and R. Eugene Wunderlich. Soil surveyed by Samuel Rieger, Ernest G. Link, and Albert D. Backer. Correlation of soils by A. H. Paschall. Vegetation surveyed by R. Eugene Wunderlich, Carl M. Rice, and William L. Larramendy. |
| 260 ## - PUBLICATION, DISTRIBUTION, ETC. | |
| Place of publication, distribution, etc. | Washington] |
| Name of publisher, distributor, etc. | U.S. Dept. of Agriculture, Soil Conservation Service, |
| Date of publication, distribution, etc. | 1960. |
| 300 ## - PHYSICAL DESCRIPTION | |
| Extent | i, 46 p. |
| Other physical details | illus., maps (2 fold. col. in pocket) |
| Dimensions | 29 cm. |
| 410 10 - SERIES STATEMENT/ADDED ENTRY--CORPORATE NAME [OBSOLETE, CAN/MARC], [LOCAL, USA] | |
| Corporate name or jurisdiction name as entry element | [United States. |
| Subordinate unit | Soil Conservation Service] |
| Title of a work | Soil Survey, |
| Volume number/sequential designation | 1956, no. 17 |
| 500 ## - GENERAL NOTE | |
| General note | Cover title. |
| 504 ## - BIBLIOGRAPHY, ETC. NOTE | |
| Bibliography, etc. note | "Literature cited": p. 46. |
| 650 #0 - SUBJECT ADDED ENTRY--TOPICAL TERM | |
| Topical term or geographic name entry element | Soils |
| Geographic subdivision | Alaska |
| -- | Kodiak Island. |
| 650 #0 - SUBJECT ADDED ENTRY--TOPICAL TERM | |
| Topical term or geographic name entry element | Plants |
| Geographic subdivision | Alaska |
| -- | Kodiak Island. |
| 650 #0 - SUBJECT ADDED ENTRY--TOPICAL TERM | |
| Topical term or geographic name entry element | Soil surveys |
| Geographic subdivision | Alaska |
| -- | Kodiak Island. |
| 700 1# - ADDED ENTRY--PERSONAL NAME | |
| Personal name | Wunderlich, R. Eugene, |
| Relator term | joint author. |
No items available.